| 000 | 00723nam a22002177a 4500 | ||
|---|---|---|---|
| 005 | 20170124110125.0 | ||
| 010 | _aA-878620 | ||
| 020 |
_c00.00 _a8174510125 |
||
| 035 | _aA-878620 | ||
| 037 | _bCen Lib/Ret | ||
| 040 |
_aDPL _bEN |
||
| 082 |
_a954.0845 _bSAR |
||
| 100 |
_aSareen, T.R. _931338 |
||
| 245 |
_aSubhas Chandra Bose and Nazi Germany / _cby T.R.Sareen |
||
| 260 |
_bMounto Publishing House _c1996 _aNew Delhi |
||
| 270 |
_aEG-124, Inderpuri _bNew Delhi _e110012 |
||
| 300 |
_av,448p. : _c20cm(Hb) _bill. |
||
| 650 |
_aEast Indians -- Foreign countries -- Politics and government -- Sources _931339 |
||
| 650 |
_aBose, Subhas Chandra, -- 1897-1945 _931340 |
||
| 942 |
_2ddc _cEN _h954.0845 _mSAR |
||
| 999 |
_c131273 _d131273 |
||